000 00905cam a22003011a 4500
001 27974
005 20230410123552.0
008 771004s1949 fr b 000 0 fre
035 _9(DLC) 50019074
035 _a6958992
010 _a50019074
035 _a(OCoLC)3316242
040 _aDLC
_cLNL-L
_dFTaSU-L
_dMoSU-L
_dDLC
042 _apremarc
043 _ae-fr---
050 1 4 _aKJV 1539
_bR588r 1949
082 0 0 _a346.4402
_222
100 1 _aRipert, Georges,
_d(1880-1958)
245 1 3 _aLa règle morale dans les obligations civiles /
_cpar Georges Ripert.
250 _a4. éd.
260 _aParis :
_bLibrairie générale de droit et de jurisprudence,
_c1949.
300 _avii, 421 p. ;
_c23 cm.
504 _aIncludes bibliographical references.
650 0 _aObligations (Law)
_zFrance.
650 0 _aContracts
_zFrance.
942 _2lcc
_cbk
985 _eOCLC REPLACEMENT cdsdistr
999 _c64065
_d64065